000 01003nam a2200217Ii 4500
003 JO-AjNU
008 230605s9999||||xx |||||||||||||| ||und||
017 _a2021/1920
020 _a978-9922-631-54-7
040 _aJO-AjNU
_bara
_erda
_cJO-AjNU
041 _aara
050 1 4 _aQA76.9.A25.S2535 2021
100 3 _aتاليف السالمي، علاء عبدالرزاق محمد,
_eauthor
_963436
245 0 0 _aالمدخل الى الامن السيبراني: الفضاء السيبراني - تهديدات الفضاء السيبراني - الاسلحة السيبرانية الهجومية - وسائل مواجهة التهديدات السيبرانية - استراتيجيات الامن السيبراني
250 _aط1
300 _a339ص
336 _atext
_btxt
_2rdacontent
337 _aunmediated
_bn
_2rdamedia
338 _avolume
_bnc
_2rdacarrier
650 4 _aالحواسيب-الامن السيبراني-الفضاء السيبراني-امن الحواسيب
_963437
999 _aA28775
_c32343
_d32343